Tuyển tập 20 năm đề thi Omlympic 30 tháng 4 tiếng Anh 10
Nội dung sách gồm hai phần: phân 1 các đề thi chính thức từ năm 1998-2013; phần 2 các bài luyện tập tuyển chọn từ các đề thi đề nghị
Bewaard in:
| Formaat: | Boek |
|---|---|
| Taal: | Undetermined |
| Gepubliceerd in: |
Hà Nội
Đại học quốc gia Hà Nội
2014
|
| Onderwerpen: | |
| Tags: |
Voeg label toe
Geen labels, Wees de eerste die dit record labelt!
|
| Thư viện lưu trữ: | Trung tâm Học liệu Trường Đại học Cần Thơ |
|---|
| LEADER | 00897nam a2200217Ia 4500 | ||
|---|---|---|---|
| 001 | CTU_232514 | ||
| 008 | 210402s9999 xx 000 0 und d | ||
| 020 | |c 86000 | ||
| 082 | |a 428.0712 | ||
| 082 | |b T527 | ||
| 245 | 0 | |a Tuyển tập 20 năm đề thi Omlympic 30 tháng 4 tiếng Anh 10 | |
| 245 | 0 | |c Ban tổ chức kỳ thi | |
| 260 | |a Hà Nội | ||
| 260 | |b Đại học quốc gia Hà Nội | ||
| 260 | |c 2014 | ||
| 520 | |a Nội dung sách gồm hai phần: phân 1 các đề thi chính thức từ năm 1998-2013; phần 2 các bài luyện tập tuyển chọn từ các đề thi đề nghị | ||
| 650 | |a English language,Tiếng Anh | ||
| 650 | |x Study and teaching (Secondary),Dạy và học (trung học) | ||
| 904 | |i Nguyên | ||
| 910 | |a Tuyến | ||
| 980 | |a Trung tâm Học liệu Trường Đại học Cần Thơ | ||